Jubilaeum Sacrae Religiosae Regulae Professionis
| Format: | Book |
|---|---|
| Language: | English |
| PhysicalDescription: | 6 s. |
| Published: |
Posonii
Aloysii Schreiber
1865
|
MARC
| LEADER | 00000nam a2200000 a 4500 | ||
|---|---|---|---|
| 001 | vtls008184296 | ||
| 003 | SK-MaSNL | ||
| 005 | 20260224135644.0 | ||
| 008 | 141106 000 0 eng | ||
| 040 | |a SNK |b slo |c SNK |e AACR2 | ||
| 041 | 0 | |a eng | |
| 245 | 1 | |a Jubilaeum Sacrae Religiosae Regulae Professionis | |
| 260 | |a Posonii |b Aloysii Schreiber |c 1865 | ||
| 300 | |a 6 s. | ||
| 999 | |c 1031613 |d 1033543 | ||
| 952 | |a SNK |b SNK |y PREZ |7 0 |p 17A0967889 |o snkSB 26031 |0 0 |1 0 |4 0 |d 2012-07-31 |f 1 |l 0 |r 2025-03-31 00:00:00 |w 2026-02-24 | ||
| 952 | |a SNK |b SNK |y VYP |7 0 |p 17A0478789 |o snkSB 26031 D1 |i snkF 4576/80 |3 Rekatalogizácia |0 0 |1 0 |4 0 |d 2005-07-14 |l 0 |r 2026-02-24 13:56:44 |w 2026-02-24 | ||


